Länder Europas mit Pfand - Statistiken

Allgemein
  • Dieses Quiz wurde 67 mal gespielt
    42 seit der letzten Aktualisierung
  • Das Durchschnittsergebnis liegt bei 11 aus 15
Antwortstatistiken
Jahr Land % Korrekt
2003 Deutschland🇩🇪
100%
2025 Österreich🇦🇹
86%
2002 Dänemark🇩🇰
81%
2006 Niederlande🇳🇱
78%
1990er Norwegen🇳🇴
78%
1980er Schweden🇸🇪
78%
1990er Finnland🇫🇮
73%
1980er Island🇮🇸
73%
2009 Estland🇪🇪
70%
2022 Lettland🇱🇻
70%
2016 Litauen🇱🇹
70%
2006 Kroatien🇭🇷
65%
2022 Slowakei🇸🇰
59%
2023 Rumänien🇷🇴
57%
2023 Malta🇲🇹
51%
Keine übereinstimmenden Quizze gefunden
Verteilung der Resultate
Anzahl Personen mit jedem Resultat
Perzentil nach korrekt beantworteten Fragen
Ihre Resultats-Entwicklung
Sie haben dieses Quiz seit der letzten Aktualisierung nicht gespielt